000 00823nam a2200229 a 4500
005 20210219153116.0
008 991125n 000 0 eng u
035 _aUPN01000078411
100 _aOVERBAUGH, Richard C.
222 _aCOMPUTERS IN THE SCHOOLS :
_bTHE INTERDISCIPLINARY JOURNAL OF PRACTICE, THEORY, AND APPLIED RESEARCH
245 _aAn example of software development and authoring with hypercard : creating and interactive video simulation for teaching basic principles of classroom management to pre-service teachers
300 _a313-338
362 _a1994 Vol. 10, nos. 3-4
653 0 _aCOMPUTADORA
653 0 _aENSEƑANZA
653 0 _aHIPERCARD
653 0 _aMEDIOS DIDACTICOS
653 0 _aSOFTWARE EDUCATIVO
653 0 _aVIDEO INTERACTIVO
904 _aAC
_b016222
905 _aArticulo
999 _c68680
_d68680